Complétez les paroles : Chants de supporters - Statistiques

Statistiques générales
  • Ce quiz a été pris 84 fois
  • Le résultat moyen est 10 sur 29
Statistiques - réponses
Clubs Phrases Mots à trouver % Correct
Marseille Aux armes ! Nous sommes... Les Marseillais
85%
Lens Au Nord c'était Les Corons
75%
La terre c'était Le Charbon
69%
Paris Paris SG, tous ensemble On chantera
68%
Saint-Etienne Allez, qui c'est les plus forts, évidemment... C'est les Verts
67%
Cet amour qu'on a pour toi, qui ne Cessera jamais
64%
Le ciel c'était L'horizon
64%
Les hommes, des mineurs De fond
63%
Oh pour toi Paris SG, on va se Casser la voix
61%
Après tant d'années, de galères et De combats
60%
Et nous allons gagner !... Allez l'OM
53%
On a un bon public et les... Meilleurs supporters
49%
On va gagner, ça... C'est juré
40%
Toulouse C'est la meilleure tribune Du Championnat
29%
Encourager les gars Du TFC
28%
Le Virage Brice qui chante Pour Tolosa
24%
Tous avec les Jaunes et Verts
17%
Bordeaux Allez, allez, allez Bordelais
13%
Nantes Allez, allez, allez Nantais jouez
12%
D'un seul élan et sur un Seul air
12%
Nous vous crions Nantais gagnez
9%
Strasbourg Nous sommes Strasbourgeois et chantons Pour toi
9%
Nous sommes tes ultras, on sera Toujours là
8%
Pour la gloire Des Girondins
5%
Allez Racing, allez Les Strasbourgeois
5%
Pour vous tous ensemble On va chanter
5%
Tous obsédés par La Vérité
1%
Depuis des années, tu es Notre fierté
1%
Et nous chanterons Sans fin
1%
Aucun quiz correspondant
Distribution des résultats
% des personnes avec chaque résultat
Percentile par nombre de réponses
Votre historique - résultats
Vous n’avez pas pris ce quiz